Silver Dollar City Rides Quiz Stats

 Plays Quiz not verified by Sporcle

Score 0/10 Timer 05:00
0 Plays Today
Ride % Correct
Wild Fire
90.7%
Powder Keg
84.9%
Thunderation
72.1%
Fire In The Hole
70.9%
American Plunge
55.8%
Lost River Of The Ozarks
55.8%
Flooded Mine
51.2%
Grand Exposition
34.9%
River Blast
33.7%
Giant Swing
32.6%

You're not logged in!

Compare scores with friends on all Sporcle quizzes.
OR
Log In

Show Comments

Extras

Top Quizzes Today


Score Distribution

Your Account Isn't Verified!

In order to create a playlist on Sporcle, you need to verify the email address you used during registration. Go to your Sporcle Settings to finish the process.

Report this User

Report this user for behavior that violates our Community Guidelines.

Details: